000 00350nam a22001457a 4500
003 LK-CoDNM
005 20240920132053.0
008 240920b |||||||| |||| 00| 0 eng d
040 _aLK-CoDNM
_dLK-CoDNM
_eLK-CoDNM
041 _aeng
080 _a15
_bB4a
245 _aRules ordes and forms of process
300 _a108p. : 20 cm
942 _cBK
999 _c152498
_d152498